[Event "Tczew-ch"]
[Site "Tczew"]
[Date "2009.12.07"]
[Round "6"]
[White "Fabich, Krzysztof"]
[Black "Mokwa, Mikolaj"]
[Result "0-1"]
[WhiteElo "1800"]
[BlackElo "1452"]
[PlyCount "56"]
[EventDate "2009.11.09"]
[EventType "tourn"]
[EventRounds "7"]
[EventCountry "POL"]
[SourceTitle "EXT 2023"]
[Source "ChessBase"]
[SourceDate "2022.10.05"]
[SourceVersion "1"]
[SourceVersionDate "2022.10.05"]
[SourceQuality "1"]

1. e4 e5 2. Bc4 Nf6 3. Nf3 Nc6 4. c3 d5 5. exd5 Nxd5 6. d4 exd4 7. Nxd4 Nb6 8. Qe2+ Qe7 9. Nxc6 Qxe2+ 10. Bxe2 bxc6 11. Bf3 Bd7 12. Be3 Bd6 13. Nd2 0-0 14. Ne4 Nc4 15. 0-0-0 Rab8 16. b3 Ba3+ 17. Kc2 Ne5 18. Bxa7 Ra8 19. Bc5 Bxc5 20. Nxc5 Rxa2+ 21. Kb1 Rfa8 22. Na4 Rxf2 23. Rhe1 Bf5+ 24. Ka1 Nxf3 25. gxf3 Bc2 26. Rd7 Bxb3 27. Rde7 Rxa4+ 28. Kb1 h6 0-1

[Event "Tczew-ch"]
[Site "Tczew"]
[Date "2008.12.02"]
[Round "6.7"]
[White "Herold, Henryk"]
[Black "Fabich, Krzysztof"]
[Result "0-1"]
[WhiteElo "1412"]
[BlackElo "1554"]
[PlyCount "71"]
[EventDate "2008.10.21"]
[EventType "swiss"]
[EventRounds "9"]
[EventCountry "POL"]
[SourceTitle "EXT 2023"]
[Source "ChessBase"]
[SourceDate "2022.10.05"]
[SourceVersion "1"]
[SourceVersionDate "2022.10.05"]
[SourceQuality "1"]

1. e4 e5 2. Nf3 Nc6 3. Bc4 Nf6 4. Nc3 Bc5 5. 0-0 0-0 6. d3 h6 7. Ne2 d6 8. c3 Na5 9. Bb5 a6 10. Ba4 b5 11. Bc2 Nc6 12. d4 exd4 13. Nexd4 Bxd4 14. cxd4 Bg4 15. Be3 Re8 16. h3 Bh5 17. Re1 Nxe4 18. Bxe4 Rxe4 19. Qc2 Qe8 20. Rac1 Nb4 21. Qb3 Nc6 22. Qd5 Nb4 23. Qxh5 Nd3 24. Nd2 Re6 25. Rf1 Nxc1 26. Rxc1 Rxe3 27. fxe3 Qxe3+ 28. Kh1 Qxd2 29. Rxc7 Qf2 30. Qd5 Re8 31. Qxd6 Re1+ 32. Kh2 Qg1+ 33. Kg3 Re3+ 34. Kh4 Qf2+ 35. g3 Re4+ 36. Kh5 0-1